00469nam a2200181 a 4500001001300000003000900013005001700022008004100039020000800080082001800088100002400106245002900130260004900159300001000208500003500218505001000253700002400263nice12345678IN_TiNIC20260116011702.0050524s1956 laha grp 000 0 eng  ac000a297.86bAHM91 aAhmad, Khwaja Nazir aJesus in Heaven on Earth aLahorebCivil and Military Gazette Ltdc1956 a416p. aincludes index and biblioraphy2 aIndex1 aAhmad, Khwaja Nazir